=LDR 00000nam 2200000 4500 =001 INLIS000000000004931 =005 20130612093209 =008 ***********************************Ind** =035 ##$$0010-061300000004931 =041 ##$$a Ind =082 ##$$a 92 (UMAR) =090 ##$$a 92 (UMAR), Fir k =100 ##$$a FIRDAUS A.N., K.H =245 ##$$a Kepemimpinan Khalifah Umar bin Abdul Azis / oleh K.H. Firdaus AN. -- =260 ##$$a 1985 $b Jakarta : Pedoman Ilmu Jaya =300 ##$$a 216 hlm. ; 22 cm =650 ##$$a Umar bin Abdul Azis =850 ##$$a NBPNMAT